<?xml version="1.0" encoding="UTF-8"?>
<collection xmlns="http://www.loc.gov/MARC21/slim">
<record>
  <controlfield tag="001">102151</controlfield>
  <controlfield tag="005">20240522103111.0</controlfield>
  <datafield tag="024" ind1="7" ind2=" ">
    <subfield code="2">doi</subfield>
    <subfield code="a">10.26754/ojs_ondina/ond.201812664</subfield>
  </datafield>
  <datafield tag="024" ind1="8" ind2=" ">
    <subfield code="2">sideral</subfield>
    <subfield code="a">124297</subfield>
  </datafield>
  <datafield tag="037" ind1=" " ind2=" ">
    <subfield code="a">ART-2018-124297</subfield>
  </datafield>
  <datafield tag="041" ind1=" " ind2=" ">
    <subfield code="a">spa</subfield>
  </datafield>
  <datafield tag="100" ind1=" " ind2=" ">
    <subfield code="a">Luengo Gascón, Elvira</subfield>
    <subfield code="u">Universidad de Zaragoza</subfield>
    <subfield code="0">(orcid)0000-0003-3362-5368</subfield>
  </datafield>
  <datafield tag="245" ind1=" " ind2=" ">
    <subfield code="a">El cuento de los Hermanos Grimm «El Rey rana o Enrique-el-férreo»: recepción del lectorado infantil y de los enseñantes en España. Propuestas para la enseñanza desde una perspectiva de género.</subfield>
  </datafield>
  <datafield tag="260" ind1=" " ind2=" ">
    <subfield code="c">2018</subfield>
  </datafield>
  <datafield tag="506" ind1="0" ind2=" ">
    <subfield code="a">Access copy available to the general public</subfield>
    <subfield code="f">Unrestricted</subfield>
  </datafield>
  <datafield tag="520" ind1="3" ind2=" ">
    <subfield code="a">En este artículo se muestran los resultados de  la investigación realizada en diferentes centros educativos españoles en torno a la recepción del cuento,  “El Rey rana o Enrique -el- férreo” de los Hermanos Grimm. El imaginario colectivo influye en las niñas, en los niños, en sus docentes y también en los estudiantes de la Universidad. Se analizan en los tres niveles las respuestas lectoras, los estereotipos desde una perspectiva de género y las propuestas de los docentes para una educación literaria desde los cuentos de hadas. ¿La respuesta de la princesa responde a un acto de sumisión o a un acto de rebelión? Finalmente, la experiencia personal de la lectura es la que construye el aprendizaje literario.</subfield>
  </datafield>
  <datafield tag="540" ind1=" " ind2=" ">
    <subfield code="9">info:eu-repo/semantics/openAccess</subfield>
    <subfield code="a">by</subfield>
    <subfield code="u">http://creativecommons.org/licenses/by/3.0/es/</subfield>
  </datafield>
  <datafield tag="655" ind1=" " ind2="4">
    <subfield code="a">info:eu-repo/semantics/article</subfield>
    <subfield code="v">info:eu-repo/semantics/publishedVersion</subfield>
  </datafield>
  <datafield tag="710" ind1="2" ind2=" ">
    <subfield code="1">4006</subfield>
    <subfield code="2">195</subfield>
    <subfield code="a">Universidad de Zaragoza</subfield>
    <subfield code="b">Dpto. Didác.Leng.y CC.HH.y SS.</subfield>
    <subfield code="c">Área Didáctica Lengua y Liter.</subfield>
  </datafield>
  <datafield tag="773" ind1=" " ind2=" ">
    <subfield code="g">1 (2018), 228-260</subfield>
    <subfield code="p">Ondina ondine</subfield>
    <subfield code="t">Ondina, ondine</subfield>
    <subfield code="x">2605-0285</subfield>
  </datafield>
  <datafield tag="856" ind1="4" ind2=" ">
    <subfield code="s">711833</subfield>
    <subfield code="u">http://zaguan.unizar.es/record/102151/files/texto_completo.pdf</subfield>
    <subfield code="y">Versión publicada</subfield>
  </datafield>
  <datafield tag="856" ind1="4" ind2=" ">
    <subfield code="s">1299467</subfield>
    <subfield code="u">http://zaguan.unizar.es/record/102151/files/texto_completo.jpg?subformat=icon</subfield>
    <subfield code="x">icon</subfield>
    <subfield code="y">Versión publicada</subfield>
  </datafield>
  <datafield tag="909" ind1="C" ind2="O">
    <subfield code="o">oai:zaguan.unizar.es:102151</subfield>
    <subfield code="p">articulos</subfield>
    <subfield code="p">driver</subfield>
  </datafield>
  <datafield tag="951" ind1=" " ind2=" ">
    <subfield code="a">2024-05-22-10:20:43</subfield>
  </datafield>
  <datafield tag="980" ind1=" " ind2=" ">
    <subfield code="a">ARTICLE</subfield>
  </datafield>
</record>
</collection>